[Event "Hastings Masters 2011-12"]
[Site "Hastings ENG"]
[Date "2011.12.30"]
[Round "3.20"]
[White "Kurka, Dieter"]
[Black "Eggleston, David J"]
[Result "0-1"]
[WhiteElo "2058"]
[BlackElo "2367"]
[PlyCount "78"]
[EventDate "2011.12.28"]

1. d4 Nf6 2. Nf3 e6 3. Bf4 c5 4. e3 Be7 5. c3 O-O 6. Bd3 cxd4 7. exd4 b6 8.
Nbd2 Bb7 9. O-O d6 10. Qe2 a6 11. a4 Nbd7 12. Rfe1 Re8 13. Ne4 Nf8 14. Nfg5 Nd5
15. Bd2 f5 16. Nxe6 Nxe6 17. Ng3 Nef4 18. Qf3 Nxd3 19. Qxd3 f4 20. Nh5 Rf8 21.
Qe4 Qd7 22. c4 Ne3 23. d5 Nf5 24. Bc3 Bg5 25. Nxf4 Bxf4 26. Qxf4 Rae8 27. Qg5
Qd8 28. Qxd8 Rxd8 29. Re4 Rde8 30. Rae1 Kf7 31. Bb4 g5 32. g4 Nh4 33. Rxe8 Rxe8
34. Rxe8 Kxe8 35. Bxd6 Nf3+ 36. Kg2 Nd2 37. b3 Nxb3 38. Bb4 a5 39. Bc3 Ba6 0-1

[Event "Hastings Masters 2011-12"]
[Site "Hastings ENG"]
[Date "2011.12.30"]
[Round "3.21"]
[White "Rendle, Thomas E"]
[Black "Wallis, Ian J"]
[Result "1-0"]
[WhiteElo "2389"]
[BlackElo "2003"]
[PlyCount "85"]
[EventDate "2011.12.28"]

1. e4 e5 2. Nf3 Nc6 3. Bc4 Be7 4. O-O Nf6 5. d3 O-O 6. Re1 d6 7. a4 Kh8 8. a5
a6 9. h3 Be6 10. Nc3 Bxc4 11. dxc4 h6 12. Nd5 Nxd5 13. cxd5 Nb8 14. Qd3 Nd7 15.
b4 Kh7 16. c4 Re8 17. Be3 Bf8 18. Qc2 Qe7 19. Rec1 c6 20. dxc6 bxc6 21. Qa4
Rec8 22. b5 cxb5 23. cxb5 axb5 24. Qxb5 Rcb8 25. Qc6 Nc5 26. Bxc5 dxc5 27. Nd2
Qe8 28. Qxe8 Rxe8 29. Nc4 f6 30. Rcb1 Red8 31. a6 Ra7 32. Rb7 Rda8 33. Rxa7
Rxa7 34. Kf1 Be7 35. Ke2 Kg8 36. Kd3 Kf7 37. Nb6 Bd8 38. Nd5 Ke6 39. Kc4 Kd6
40. Kb5 c4 41. Nb6 Bxb6 42. Kxb6 Ra8 43. Rd1+ 1-0

[Event "Hastings Masters 2011-12"]
[Site "Hastings ENG"]
[Date "2011.12.30"]
[Round "3.22"]
[White "Pickersgill, Adrian O"]
[Black "Kjartansson, Gudmundur"]
[Result "0-1"]
[WhiteElo "1990"]
[BlackElo "2326"]
[PlyCount "56"]
[EventDate "2011.12.28"]

1. e4 c6 2. d4 d5 3. f3 Qb6 4. c3 e6 5. Bd3 c5 6. Ne2 Nc6 7. Bc2 Nf6 8. e5 Nd7
9. f4 Be7 10. f5 Nf8 11. Rf1 exf5 12. Bxf5 Bxf5 13. Rxf5 Ne6 14. Nf4 Nxf4 15.
Rxf4 O-O 16. Qg4 cxd4 17. cxd4 Nb4 18. Kd2 Qa6 19. Rf3 Qh6+ 20. Kd1 Qxh2 21.
Nd2 h5 22. Qd7 Bg5 23. e6 fxe6 24. Qxe6+ Kh8 25. Qe2 Bxd2 26. Kxd2 Rxf3 27.
Qxf3 Rc8 28. Ke2 Nc2 0-1

[Event "Hastings Masters 2011-12"]
[Site "Hastings ENG"]
[Date "2011.12.30"]
[Round "3.23"]
[White "Vuilleumier, Alexandre"]
[Black "Lasinskas, Povilas"]
[Result "1-0"]
[WhiteElo "2356"]
[BlackElo "2122"]
[PlyCount "179"]
[EventDate "2011.12.28"]

1. Nf3 Nf6 2. d4 b6 3. e3 Bb7 4. Bd3 g6 5. O-O Bg7 6. b3 O-O 7. Bb2 Ne4 8. Nfd2
f5 9. f3 Nxd2 10. Nxd2 c5 11. Qc1 f4 12. dxc5 fxe3 13. Ne4 Bxb2 14. Qxb2 bxc5
15. Nxc5 Qb6 16. Nxb7 Nc6 17. Bc4+ e6 18. Nd6 e2+ 19. Rf2 Qb4 20. Bxe2 Qxd6 21.
Rd1 Qe7 22. Bb5 Rac8 23. Bxc6 Rxc6 24. Qd4 d5 25. Re2 Qc7 26. Rdd2 Qa5 27. a4
Qc7 28. Qe5 Qb6+ 29. Qe3 Qc7 30. g3 Qf7 31. f4 a6 32. Qe5 Qb7 33. Qe3 Qc7 34.
h4 h5 35. Qd3 Kh7 36. Re5 Rf5 37. Rxf5 gxf5 38. Qe2 Kg6 39. Kf1 Qb6 40. Qe5 Qc5
41. Re2 Qf8 42. Kg2 Qc8 43. Kh3 Qf8 44. Re3 Kf7 45. c4 dxc4 46. bxc4 Qc5 47.
Qb2 Qxe3 48. Qb7+ Kf6 49. Qxc6 Qe2 50. c5 Ke7 51. Qd6+ Ke8 52. Qd4 Ke7 53. a5
Ke8 54. c6 Qf1+ 55. Kh2 Qe2+ 56. Kg1 Qe1+ 57. Kg2 Qe2+ 58. Qf2 Qd1 59. Qf3 Qc2+
60. Kh3 Ke7 61. Qxh5 Qxc6 62. Qd1 Qc3 63. h5 Qxa5 64. Qd4 Qd5 65. Qg7+ Ke8 66.
Qg8+ Ke7 67. Kh4 Qh1+ 68. Kg5 Qh3 69. Qg7+ Kd6 70. Qd4+ Ke7 71. Qa7+ Kd8 72.
Qb8+ Kd7 73. Qb7+ Kd8 74. Qf3 Ke7 75. Kg6 Qh2 76. Qa3+ Kd7 77. Qa4+ Ke7 78.
Qb4+ Kd7 79. Qb7+ Kd8 80. Qf3 Qb2 81. Kf7 Qa2 82. Qd3+ Kc7 83. Ke7 Qh2 84. Qc3+
Kb6 85. Qb3+ Kc5 86. Qe3+ Kb5 87. Kd6 Kb4 88. Qe1+ Kb5 89. Qxe6 Qxh5 90. Qb3+
1-0

[Event "Hastings Masters 2011-12"]
[Site "Hastings ENG"]
[Date "2011.12.30"]
[Round "3.26"]
[White "Jaunooby, Ali R"]
[Black "Haydon, David L"]
[Result "1/2-1/2"]
[WhiteElo "2144"]
[BlackElo "2296"]
[PlyCount "89"]
[EventDate "2011.12.28"]

1. d4 Nf6 2. c4 g6 3. g3 Bg7 4. Bg2 O-O 5. Nc3 d6 6. e3 Nbd7 7. Nge2 e5 8. h3
c6 9. d5 cxd5 10. cxd5 b5 11. Nxb5 Ba6 12. a4 Nc5 13. b4 Bxb5 14. axb5 Ncd7 15.
e4 Qb6 16. Qa4 Rfb8 17. Nc3 Qd4 18. Ra3 Nb6 19. Qb3 Rc8 20. O-O Nc4 21. Ra2 Na5
22. Rxa5 Rxc3 23. Qb2 Rac8 24. Bd2 Nxe4 25. Bxc3 Nxc3 26. Re1 Rc4 27. Bf1 Rxb4
28. Qa1 Bh6 29. Rxa7 Bd2 30. Rd1 Nxd1 31. Ra8+ Kg7 32. Qxd1 Qxd5 33. Ra3 Rb2
34. Rd3 Qa2 35. Rxd6 Bc3 36. Qf3 Bd4 37. Qf6+ Kh6 38. Qh4+ Kg7 39. Qf6+ Kh6 40.
Qh4+ Kg7 41. Rxd4 exd4 42. Qxd4+ Kg8 43. Qd8+ Kg7 44. Qd4+ Kg8 45. Qd8+ 1/2-1/2

[Event "Hastings Masters 2011-12"]
[Site "Hastings ENG"]
[Date "2011.12.30"]
[Round "3.27"]
[White "Rudd, Jack"]
[Black "Pon, NKrithika"]
[Result "0-1"]
[WhiteElo "2290"]
[BlackElo "2091"]
[PlyCount "86"]
[EventDate "2011.12.28"]

1. e4 Nf6 2. Nc3 d5 3. e5 d4 4. exf6 dxc3 5. d4 cxb2 6. fxg7 Bxg7 7. Bxb2 c5 8.
Nf3 Nc6 9. Qd2 cxd4 10. O-O-O e5 11. Bd3 Be6 12. Kb1 Qb6 13. Qg5 Bf8 14. Kc1
Be7 15. Qh5 O-O-O 16. Nxe5 Qa5 17. f4 f6 18. Bf5 Bxf5 19. Nxc6 bxc6 20. g4 Rd5
21. gxf5 Qxa2 22. Qf3 Kc7 23. Rhe1 Bd6 24. Qg3 Rd8 25. Rd3 Rxf5 26. Rxd4 Rb5
27. Bc3 Rb1+ 28. Kd2 Rxe1 29. Kxe1 Rg8 30. Qf3 Qxc2 31. Rd2 Qc1+ 32. Ke2 Re8+
33. Kd3 Qb1+ 34. Rc2 Qb5+ 35. Kd2 Qa4 36. Bxf6 Bxf4+ 37. Kd1 Re6 38. Qc3 Rd6+
39. Ke1 Qe4+ 40. Kf1 Qh1+ 41. Kf2 Qxh2+ 42. Kf3 Qg3+ 43. Ke4 Qg6+ 0-1

[Event "Hastings Masters 2011-12"]
[Site "Hastings ENG"]
[Date "2011.12.30"]
[Round "3.28"]
[White "Furman, Boris"]
[Black "Drogou, Gerard"]
[Result "1-0"]
[WhiteElo "2280"]
[BlackElo "2063"]
[PlyCount "93"]
[EventDate "2011.12.28"]

1. d4 Nf6 2. c4 e6 3. Nc3 d5 4. cxd5 exd5 5. Bg5 c6 6. e3 Be7 7. Bd3 O-O 8. Qc2
Nbd7 9. Nf3 Re8 10. O-O Nf8 11. h3 a5 12. Rae1 g6 13. Ne5 Ne6 14. Bh6 Ng7 15.
g4 Nd7 16. f4 Nxe5 17. fxe5 Bg5 18. Bxg5 Qxg5 19. Qf2 Be6 20. e4 h5 21. exd5
cxd5 22. Qf4 Qh4 23. Re3 Red8 24. Be2 hxg4 25. hxg4 Rac8 26. Rf2 g5 27. Qf3 Ne8
28. Bd1 Qh6 29. Rh2 Qg7 30. Bc2 Kf8 31. Rh7 Qg8 32. Qh3 Ke7 33. Qh6 Kd7 34. Bf5
Rc6 35. Qh5 Ng7 36. Bxe6+ Rxe6 37. Qh1 Kc8 38. Reh3 Ne8 39. Qf3 Rd7 40. Rh8 Qg6
41. Qf5 Kd8 42. R3h5 Ke7 43. Rxg5 Qxf5 44. gxf5 Rb6 45. f6+ Kd8 46. Rgg8 Re6
47. Nb5 1-0

[Event "Hastings Masters 2011-12"]
[Site "Hastings ENG"]
[Date "2011.12.30"]
[Round "3.29"]
[White "Helbig, Paul D"]
[Black "Talsma, Paul"]
[Result "0-1"]
[WhiteElo "2128"]
[BlackElo "2246"]
[PlyCount "86"]
[EventDate "2011.12.28"]

1. e4 e5 2. f4 exf4 3. Nf3 Be7 4. Nc3 Bh4+ 5. Ke2 d6 6. d4 Bg4 7. Bxf4 Nc6 8.
Qd3 Nge7 9. Kd2 Bf6 10. Be3 O-O 11. h3 Bxf3 12. gxf3 Nb4 13. Qe2 d5 14. e5 Bxe5
15. dxe5 d4 16. Rd1 dxc3+ 17. Kxc3 Ned5+ 18. Kb3 Qe7 19. a3 Rfd8 20. Bg5 Qxg5
21. axb4 a5 22. Qe4 Nxb4 23. f4 Qe7 24. Rxd8+ Rxd8 25. c3 Na6 26. Bxa6 bxa6 27.
Qc6 Rb8+ 28. Kc2 Qh4 29. Qf3 Qh6 30. Kc1 Qb6 31. Qe2 a4 32. Qc2 Qe3+ 33. Qd2
Qxd2+ 34. Kxd2 Rxb2+ 35. Kd3 a3 36. Ra1 a2 37. Kc4 Kf8 38. f5 Ke7 39. Kc5 f6
40. exf6+ Kxf6 41. c4 Kxf5 42. Kc6 Ke4 43. c5 Kd4 0-1

[Event "Hastings Masters 2011-12"]
[Site "Hastings ENG"]
[Date "2011.12.30"]
[Round "3.30"]
[White "De Andres Gonalons, Fernando"]
[Black "Repplinger, Marc"]
[Result "1/2-1/2"]
[WhiteElo "2091"]
[BlackElo "2241"]
[PlyCount "79"]
[EventDate "2011.12.28"]

1. d4 e6 2. c4 f5 3. g3 Nf6 4. Bg2 Be7 5. Nc3 O-O 6. Nf3 d6 7. O-O Qe8 8. Re1
Qg6 9. e4 fxe4 10. Nxe4 Nxe4 11. Rxe4 Nc6 12. Qe2 Bf6 13. Bd2 e5 14. dxe5 Nxe5
15. Nxe5 Bxe5 16. Bc3 Bxc3 17. bxc3 c6 18. Re7 Bg4 19. f3 Bf5 20. Qe3 Rae8 21.
Re1 Rxe7 22. Qxe7 Qf6 23. Qxf6 gxf6 24. Rd1 Rd8 25. f4 Kf7 26. Kf2 Ke7 27. a3
Rd7 28. Bf3 Kd8 29. g4 Bg6 30. h4 h6 31. g5 fxg5 32. fxg5 hxg5 33. hxg5 Kc7 34.
Kg3 Rf7 35. Rd4 Re7 36. Rf4 Rf7 37. Be4 Rxf4 38. Kxf4 Bf7 39. Bd3 Kd8 40. Be2
1/2-1/2

[Event "Hastings Masters 2011-12"]
[Site "Hastings ENG"]
[Date "2011.12.30"]
[Round "3.31"]
[White "Olsarova, Tereza"]
[Black "Armstrong, Malcolm J"]
[Result "1/2-1/2"]
[WhiteElo "2232"]
[BlackElo "2016"]
[PlyCount "195"]
[EventDate "2011.12.28"]

1. e4 c6 2. d4 d5 3. e5 c5 4. Nf3 Nc6 5. c4 cxd4 6. Nxd4 dxc4 7. Nxc6 Qxd1+ 8.
Kxd1 bxc6 9. Bxc4 Bf5 10. Nc3 e6 11. Be3 Bb4 12. Rc1 Ne7 13. f3 Ba5 14. Ke2 Bb6
15. Na4 Bxe3 16. Kxe3 O-O-O 17. Nc5 Nd5+ 18. Kf2 Nb6 19. Ba6+ Kc7 20. g4 Bg6
21. Nb3 Rd5 22. f4 h5 23. h3 hxg4 24. hxg4 Rxh1 25. Rxh1 Na4 26. Rh8 Nxb2 27.
Rg8 c5 28. Be2 c4 29. Nc1 Nd3+ 30. Nxd3 cxd3 31. Bd1 Rd4 32. Kg3 d2 33. Rxg7
Kb6 34. f5 exf5 35. e6 fxe6 36. Rxg6 fxg4 37. Rxe6+ Kc5 38. Ra6 Rc4 39. Ra5+
Kd4 40. Rxa7 Rc1 41. Rd7+ Kc3 42. Bxg4 Ra1 43. Kf2 Rxa2 44. Ke3 Rb2 45. Bd1 Kc4
46. Rc7+ Kd5 47. Ke2 Kd4 48. Bc2 d1=Q+ 49. Kxd1 Ke3 50. Rc4 Ra2 51. Re4+ Kf3
52. Re7 Rb2 53. Kd2 Rb4 54. Kd3 Kf4 55. Kc3 Rb6 56. Rf7+ Ke3 57. Bd3 Rc6+ 58.
Bc4 Rd6 59. Re7+ Kf4 60. Kb4 Rd8 61. Kc5 Rd1 62. Bd5 Rd3 63. Rf7+ Ke5 64. Re7+
Kf4 65. Kd6 Re3 66. Rf7+ Kg3 67. Kc5 Rd3 68. Be4 Rd8 69. Bd5 Re8 70. Kd4 Re1
71. Bf3 Ra1 72. Be2 Ra8 73. Bd3 Kg4 74. Ke3 Kg5 75. Rf1 Ra3 76. Kd4 Ra8 77. Bc4
Re8 78. Bg8 Re7 79. Kd5 Re2 80. Bh7 Re7 81. Bf5 Ra7 82. Be6 Ra5+ 83. Ke4 Ra4+
84. Ke5 Ra5+ 85. Bd5 Rb5 86. Rg1+ Kh4 87. Kf4 Kh5 88. Be4 Kh6 89. Rg6+ Kh5 90.
Rg7 Rb6 91. Ra7 Rf6+ 92. Bf5 Rb6 93. Rh7+ Rh6 94. Rg7 Rb6 95. Rg2 Rb4+ 96. Be4
Kh6 97. Rg6+ Kh5 98. Rg5+ 1/2-1/2

[Event "Hastings Masters 2011-12"]
[Site "Hastings ENG"]
[Date "2011.12.30"]
[Round "3.32"]
[White "Canonne, Antoine"]
[Black "Snape, Ian L"]
[Result "0-1"]
[WhiteElo "2023"]
[BlackElo "2231"]
[PlyCount "72"]
[EventDate "2011.12.28"]

1. e4 c5 2. Nc3 g6 3. f4 Bg7 4. Nf3 Nc6 5. Bb5 Nd4 6. O-O Nh6 7. a4 O-O 8. Nd5
e6 9. Ne3 d5 10. e5 Nxf3+ 11. Qxf3 c4 12. a5 a6 13. Ba4 Qxa5 14. b4 Qc7 15. c3
b5 16. Bc2 Bb7 17. Qh3 Rae8 18. g4 Qb6 19. g5 Nf5 20. Bxf5 exf5 21. Bb2 Re6 22.
Rf2 Rfe8 23. Nc2 Bxe5 24. fxe5 Rxe5 25. Nd4 f4 26. Qh6 Qd8 27. h4 Qd7 28. Raf1
Re1 29. Rxf4 Rxf1+ 30. Rxf1 Qg4+ 31. Kh2 Re2+ 32. Nxe2 Qxe2+ 33. Kg3 Qxf1 34.
h5 d4 35. hxg6 Qf3+ 36. Kh4 Qf2+ 0-1

[Event "Hastings Masters 2011-12"]
[Site "Hastings ENG"]
[Date "2011.12.30"]
[Round "3.33"]
[White "Ledger, Dave J"]
[Black "Flynn, David"]
[Result "1-0"]
[WhiteElo "2228"]
[BlackElo "1978"]
[PlyCount "97"]
[EventDate "2011.12.28"]

1. e4 c5 2. Nf3 d6 3. d4 cxd4 4. Nxd4 Nf6 5. Nc3 a6 6. Be3 e5 7. Nb3 Be6 8. f3
Nbd7 9. Qd2 b5 10. O-O-O Rc8 11. g4 Nb6 12. Qf2 Nc4 13. Bxc4 bxc4 14. Bb6 Qd7
15. Na5 Be7 16. Rd2 Rb8 17. Rhd1 Qc8 18. Ba7 Ra8 19. Nd5 Bxd5 20. exd5 c3 21.
Rd3 cxb2+ 22. Kb1 O-O 23. Rb3 Rd8 24. Rdd3 Rd7 25. Bb6 Qe8 26. Nc6 Rb7 27. c4
Bf8 28. a4 a5 29. Rb5 Nd7 30. Qxb2 Rxb6 31. Rxb6 Nxb6 32. Qxb6 Qc8 33. Rb3 f5
34. Qb7 Qxb7 35. Rxb7 fxg4 36. fxg4 Re8 37. Kc2 e4 38. Kd2 e3+ 39. Ke2 Re4 40.
Nxa5 Rxg4 41. Kxe3 Rh4 42. Nc6 Rxc4 43. a5 Ra4 44. Ra7 g6 45. Kd3 Bg7 46. a6
Ra3+ 47. Kc4 g5 48. Ra8+ Kf7 49. a7 1-0

[Event "Hastings Masters 2011-12"]
[Site "Hastings ENG"]
[Date "2011.12.30"]
[Round "3.35"]
[White "Calvert, D Ian"]
[Black "Anderson, John"]
[Result "0-1"]
[WhiteElo "1947"]
[BlackElo "2202"]
[PlyCount "74"]
[EventDate "2011.12.28"]

1. b3 Nf6 2. Bb2 d5 3. Nf3 c6 4. e3 Bf5 5. d4 e6 6. Be2 h6 7. O-O Nbd7 8. c4 a5
9. Nc3 Bd6 10. Bd3 Ne4 11. Qc2 Ndf6 12. Ne5 Nxc3 13. Bxf5 Nce4 14. Bxe4 Nxe4
15. f3 Nf6 16. a4 O-O 17. Ba3 Bxa3 18. Rxa3 Nd7 19. Nxd7 Qxd7 20. Raa1 Qe7 21.
Rfd1 Rfd8 22. Qc3 Qf6 23. Rac1 Rdc8 24. Rd3 Qf5 25. Qd2 Rd8 26. Rd1 Qg5 27. Qe1
Qe7 28. c5 e5 29. Qc3 e4 30. R3d2 Rdb8 31. f4 b6 32. Rb2 bxc5 33. dxc5 Rb4 34.
Rd4 Qf6 35. Rc2 Rxd4 36. Qxd4 Qxd4 37. exd4 Rb8 0-1

[Event "Hastings Masters 2011-12"]
[Site "Hastings ENG"]
[Date "2011.12.30"]
[Round "3.37"]
[White "Marusenko, Petr"]
[Black "Hoare, Amy B"]
[Result "1-0"]
[WhiteElo "2198"]
[BlackElo "1930"]
[PlyCount "77"]
[EventDate "2011.12.28"]

1. d4 Nf6 2. c4 g6 3. Nc3 d5 4. Nf3 Bg7 5. cxd5 Nxd5 6. e3 c5 7. Bc4 Nxc3 8.
bxc3 O-O 9. O-O Nc6 10. h3 cxd4 11. cxd4 Na5 12. Bd3 Be6 13. Qa4 Rc8 14. Bd2
Nc6 15. Rab1 b6 16. Rfc1 Qd7 17. Bb5 Bd5 18. Rb2 Rc7 19. Rbc2 Rfc8 20. Ng5 f5
21. e4 fxe4 22. Bf4 e5 23. dxe5 Qf5 24. Bxc6 Bxc6 25. Rxc6 Rxc6 26. Rxc6 Rxc6
27. Qxc6 Qxf4 28. Qc4+ Kh8 29. Ne6 Qf7 30. Qc8+ Qg8 31. Nd8 h6 32. Nf7+ Kh7 33.
Qd7 a5 34. e6 Bf6 35. Ng5+ Kh8 36. Nxe4 Bd8 37. e7 Bxe7 38. Qxe7 Qxa2 39. Nf6
1-0

[Event "Hastings Masters 2011-12"]
[Site "Hastings ENG"]
[Date "2011.12.30"]
[Round "3.38"]
[White "Maciol, Ryszard"]
[Black "Murchadha, Oissine"]
[Result "1-0"]
[WhiteElo "2185"]
[BlackElo "1846"]
[PlyCount "169"]
[EventDate "2011.12.28"]

1. d4 f5 2. g3 Nf6 3. Bg2 g6 4. Nf3 Bg7 5. O-O O-O 6. c4 d6 7. Qb3 Qe8 8. Nc3
Na6 9. c5+ Kh8 10. Qc4 dxc5 11. dxc5 e5 12. c6 bxc6 13. e4 Nb8 14. Re1 Be6 15.
Qc5 Nxe4 16. Nxe4 fxe4 17. Nxe5 Bd5 18. Ng4 Nd7 19. Qa5 h5 20. Ne3 Qf7 21. Re2
Ne5 22. Nxd5 cxd5 23. Bf4 Nc4 24. Qxc7 Qxc7 25. Bxc7 Rac8 26. Bf4 Nxb2 27. Rb1
Nd3 28. Be3 Rc7 29. Rd2 d4 30. Bxe4 dxe3 31. Rxd3 exf2+ 32. Kg2 Rc2 33. Rf1
Rxa2 34. Bxg6 a5 35. Bxh5 a4 36. Bf3 a3 37. Bd5 Rc2 38. Rxa3 Bd4 39. Rd3 Bb6
40. g4 Rfc8 41. Be6 Re8 42. Rd6 Ba7 43. Rd7 Bb6 44. Bf5 Rce2 45. Rb7 Bd4 46.
Rh7+ Kg8 47. Rd7 Bb6 48. Bd3 R2e5 49. Rb1 Bc5 50. Rc1 Rg5 51. Rc4 Re1 52. Rf4
Rg1+ 53. Kh3 Re5 54. Bc4+ Kh8 55. Rff7 Be7 56. Rdxe7 Rxe7 57. Rxe7 f1=Q+ 58.
Bxf1 Rxf1 59. Kh4 Rf6 60. Kh5 Rc6 61. h4 Rb6 62. Kg5 Rb4 63. Rf7 Rb6 64. Rf6
Rb7 65. h5 Kg8 66. Kg6 Rg7+ 67. Kf5 Rb7 68. Re6 Rf7+ 69. Ke5 Ra7 70. g5 Kg7 71.
h6+ Kg8 72. g6 Ra8 73. Kf6 Rf8+ 74. Ke7 Rf1 75. Kd8 Rd1+ 76. Ke8 Ra1 77. Ke7
Rf1 78. g7 Rf2 79. Rf6 Re2+ 80. Kd6 Rd2+ 81. Ke5 Rd8 82. Kf5 Kh7 83. Rf8 Rd5+
84. Kf6 Rd6+ 85. Ke7 1-0

[Event "Hastings Masters 2011-12"]
[Site "Hastings ENG"]
[Date "2011.12.30"]
[Round "3.40"]
[White "Bourached, Anthony"]
[Black "Lock, Gavin R"]
[Result "0-1"]
[WhiteElo "1895"]
[BlackElo "2157"]
[PlyCount "80"]
[EventDate "2011.12.28"]

1. d4 d5 2. c4 c6 3. Nf3 Nf6 4. e3 Bg4 5. Qb3 Qb6 6. Nc3 e6 7. Bd2 Nbd7 8. Nh4
Bh5 9. h3 Be7 10. g4 Bg6 11. Nxg6 hxg6 12. g5 Ng8 13. f4 Qxb3 14. axb3 Bb4 15.
Kf2 Ne7 16. Bg2 Nf5 17. c5 f6 18. gxf6 gxf6 19. Nb1 Bxd2 20. Nxd2 Kf7 21. b4 a6
22. Nb3 Rh4 23. Bf3 Rah8 24. Bg4 Rb8 25. Rhe1 Ne7 26. Rh1 f5 27. Bf3 Nf6 28.
Nd2 Rbh8 29. Kg2 Ne4 30. Bxe4 fxe4 31. Rae1 Nf5 32. Nb3 Kf6 33. Na1 R4h5 34.
Nc2 Nh4+ 35. Kg3 Nf3 36. Ref1 g5 37. Ne1 gxf4+ 38. exf4 Nxd4 39. Kg2 Nf5 40.
Rfg1 Rh4 0-1

[Event "Hastings Masters 2011-12"]
[Site "Hastings ENG"]
[Date "2011.12.30"]
[Round "3.42"]
[White "Clayton, Tristan"]
[Black "Hagesaether, Arne"]
[Result "0-1"]
[WhiteElo "1812"]
[BlackElo "2152"]
[PlyCount "146"]
[EventDate "2011.12.28"]

1. e4 c6 2. d4 d5 3. Nc3 dxe4 4. Nxe4 Bf5 5. Ng3 Bg6 6. h4 h6 7. Nf3 Nd7 8. h5
Bh7 9. Bd3 Bxd3 10. Qxd3 e6 11. Bd2 Ngf6 12. O-O-O Nd5 13. Kb1 Nb4 14. Qe2 Qc7
15. Ne4 Be7 16. g4 O-O-O 17. Qc4 Nd5 18. Qa4 Kb8 19. Qb3 Rhe8 20. Rhe1 Ka8 21.
c4 N5f6 22. Nxf6 Nxf6 23. g5 hxg5 24. Bxg5 Nxh5 25. Bxe7 Rxe7 26. Re5 Nf6 27.
Rg5 Ne8 28. Qe3 Nd6 29. Qe2 f6 30. Rg4 Qd7 31. Nh4 g5 32. Ng2 Qe8 33. Ne3 Qh5
34. Qd2 Nxc4 35. Qb4 Qh7+ 36. Ka1 Nb6 37. Qb3 Nd5 38. Rg3 Red7 39. Ng4 Qf5 40.
a3 Nf4 41. Ne3 Qg6 42. Qa4 Ne2 43. Nc4 Rxd4 44. Rxd4 Nxd4 45. Na5 Qe4 46. Rc3
Qh1+ 47. Ka2 Qd5+ 48. Kb1 Rh8 49. Rc1 e5 50. Qb4 Qb5 51. Qe1 b6 52. Nc4 Qd5 53.
Qb4 c5 54. Nxb6+ axb6 55. Qxb6 Nb3 56. Qa6+ Kb8 57. Qb6+ Kc8 58. Qa6+ Kd7 59.
Qa4+ Ke7 60. Re1 Kf7 61. Qg4 Kg6 62. Qe2 Rh4 63. Qc2+ Kg7 64. Rd1 Rd4 65. Rg1
Rd2 66. Qf5 Qd4 67. Rxg5+ fxg5 68. Qxg5+ Kf7 69. Qh5+ Ke7 70. Qh7+ Kd6 71. Qg6+
Kc7 72. Qf7+ Qd7 73. Qxb3 Qd3+ 0-1

[Event "Hastings Masters 2011-12"]
[Site "Hastings ENG"]
[Date "2011.12.30"]
[Round "3.43"]
[White "Sugden, John N"]
[Black "Stewart, Neil"]
[Result "1-0"]
[WhiteElo "2180"]
[BlackElo "2299"]
[PlyCount "67"]
[EventDate "2011.12.28"]

1. d4 d5 2. c4 c6 3. Nf3 Nf6 4. Nc3 dxc4 5. a4 Bf5 6. e3 e6 7. Bxc4 Bb4 8. O-O
O-O 9. Nh4 Bg4 10. f3 Bh5 11. g4 Nd5 12. Ng2 Bg6 13. Qb3 a5 14. e4 Nb6 15. Be3
Nxc4 16. Qxc4 Na6 17. Rad1 Rc8 18. Nf4 Qe7 19. Kg2 Bd6 20. Nxg6 hxg6 21. f4 Nb4
22. Rd2 Bb8 23. Rf3 Rfd8 24. f5 Qh4 25. h3 gxf5 26. gxf5 exf5 27. Rxf5 Qg3+ 28.
Kf1 Nd5 29. Bg1 Bf4 30. Rd3 Qg6 31. Rf3 b5 32. Qe2 Nxc3 33. bxc3 Bg5 34. Rg3
1-0

[Event "Hastings Masters 2011-12"]
[Site "Hastings ENG"]
[Date "2011.12.30"]
[Round "3.44"]
[White "Cafferty, Bernard"]
[Black "Longson, Alexander"]
[Result "0-1"]
[WhiteElo "2127"]
[BlackElo "2281"]
[PlyCount "70"]
[EventDate "2011.12.28"]

1. Nf3 d5 2. b4 Bg4 3. Bb2 Bxf3 4. gxf3 Nd7 5. e3 Ngf6 6. c4 e6 7. a3 c6 8. d4
Bd6 9. Nd2 Qe7 10. f4 g6 11. Be2 h5 12. O-O Ng4 13. h3 Nh6 14. Nf3 Nf6 15. Bd3
Nf5 16. Kg2 dxc4 17. Bc2 Nd5 18. Re1 O-O-O 19. Rc1 b5 20. Kh1 Nh4 21. Nxh4 Qxh4
22. Qf3 Kb7 23. Rg1 Rhg8 24. Rg5 Kb6 25. Rcg1 Ne7 26. a4 a6 27. Rc5 Bxc5 28.
bxc5+ Kb7 29. Rb1 Nd5 30. Bc1 f5 31. Bd2 g5 32. Ba5 Rd7 33. axb5 axb5 34. Rg1
g4 35. Qg2 Rdg7 0-1

[Event "Hastings Masters 2011-12"]
[Site "Hastings ENG"]
[Date "2011.12.30"]
[Round "3.45"]
[White "Gregory, Stephen J"]
[Black "Prosviriakov, Vladimir"]
[Result "1/2-1/2"]
[WhiteElo "2124"]
[BlackElo "2274"]
[PlyCount "89"]
[EventDate "2011.12.28"]

1. e4 e5 2. Bc4 Nc6 3. Nf3 d6 4. c3 g6 5. d4 Qe7 6. d5 Nb8 7. Bd3 Nd7 8. O-O
Ngf6 9. Re1 Bg7 10. c4 O-O 11. Nc3 Nc5 12. Bc2 a5 13. Rb1 Nh5 14. a3 Nf4 15. b4
axb4 16. axb4 Nd7 17. Nb5 Nf6 18. Bxf4 exf4 19. e5 dxe5 20. Nxe5 Qd8 21. d6
cxd6 22. Nxd6 Qc7 23. c5 Be6 24. Bb3 Rad8 25. Qf3 Bxb3 26. Qxb3 Nh5 27. Nexf7
Rxf7 28. Rbd1 Rdf8 29. Nxf7 Qxf7 30. Qxf7+ Rxf7 31. Re8+ Bf8 32. Rb8 Ng7 33.
Ra1 Rd7 34. Kf1 Ne6 35. f3 Kf7 36. Ra7 Nd8 37. Raa8 Be7 38. Rc8 Rd2 39. Rc7 Ke6
40. b5 Rc2 41. Ra4 Bxc5 42. Rxf4 b6 43. Re4+ Kf6 44. Rf4+ Ke6 45. Re4+ 1/2-1/2

[Event "Hastings Masters 2011-12"]
[Site "Hastings ENG"]
[Date "2011.12.30"]
[Round "3.46"]
[White "Haria, Ravi"]
[Black "Kewes, Gerd"]
[Result "0-1"]
[WhiteElo "2045"]
[BlackElo "2222"]
[PlyCount "100"]
[EventDate "2011.12.28"]

1. e4 e6 2. d4 d5 3. e5 c5 4. c3 Nc6 5. Nf3 Bd7 6. a3 f6 7. Bd3 fxe5 8. dxe5
Qc7 9. O-O c4 10. Bc2 Nh6 11. Re1 O-O-O 12. Bf4 Nf7 13. Nbd2 Be7 14. h4 Rdg8
15. b4 g5 16. hxg5 Nxg5 17. Nxg5 Bxg5 18. Bxg5 Rxg5 19. Nf3 Rg7 20. b5 Nd8 21.
a4 Rhg8 22. g3 Be8 23. Nd4 Qe7 24. Qf3 Rf8 25. Qe3 h5 26. Kg2 h4 27. Rh1 hxg3
28. fxg3 Rfg8 29. Rh3 Bg6 30. Rf1 Bxc2 31. Nxc2 Qg5 32. Rf4 Kb8 33. Nd4 Rf7 34.
Kf2 Rgf8 35. Rxf7 Rxf7+ 36. Nf3 Qf5 37. Rh8 Rf8 38. Rxf8 Qxf8 39. Qf4 Qxf4 40.
gxf4 Kc7 41. a5 a6 42. b6+ Kd7 43. Nd4 Nc6 44. Nxc6 Kxc6 45. Ke3 d4+ 46. cxd4
Kd5 47. Ke2 Kxd4 48. Kd2 Ke4 49. Kc3 Kxf4 50. Kxc4 Ke4 0-1

[Event "Hastings Masters 2011-12"]
[Site "Hastings ENG"]
[Date "2011.12.30"]
[Round "3.47"]
[White "MacQueen, Calum"]
[Black "O Grady, Gary P"]
[Result "1-0"]
[WhiteElo "2219"]
[BlackElo "1880"]
[PlyCount "75"]
[EventDate "2011.12.28"]

1. d4 f5 2. Nc3 Nf6 3. Bg5 e6 4. e4 fxe4 5. Nxe4 Be7 6. Bxf6 Bxf6 7. Qh5+ g6 8.
Qh6 Qe7 9. Nxf6+ Qxf6 10. Nf3 Qf8 11. Qxf8+ Rxf8 12. Bd3 Nc6 13. c3 b6 14. Ng5
Rh8 15. O-O-O Ne7 16. Be4 c6 17. Bd3 Bb7 18. h4 h6 19. Ne4 Kd8 20. h5 Kc7 21.
f4 Raf8 22. Rdf1 c5 23. dxc5 bxc5 24. hxg6 Nxg6 25. g3 Ne7 26. Rhg1 Bxe4 27.
Bxe4 Rhg8 28. Kd2 Rg7 29. Ke3 Rfg8 30. Kf3 Ng6 31. Rh1 Nh8 32. Rfg1 Nf7 33. c4
e5 34. Bd5 exf4 35. Bxf7 Rxf7 36. gxf4 Rxg1 37. Rxg1 Kd6 38. Rg6+ 1-0

[Event "Hastings Masters 2011-12"]
[Site "Hastings ENG"]
[Date "2011.12.30"]
[Round "3.48"]
[White "Arias Castanedo, Jacinto"]
[Black "Surendran, N."]
[Result "0-1"]
[WhiteElo "1941"]
[BlackElo "2207"]
[PlyCount "74"]
[EventDate "2011.12.28"]

1. d4 Nf6 2. Nf3 e6 3. c4 Bb4+ 4. Bd2 Bxd2+ 5. Qxd2 O-O 6. Nc3 d5 7. e3 b6 8.
cxd5 exd5 9. Bd3 Bb7 10. O-O Nbd7 11. Rfc1 a6 12. b4 Qe7 13. Rab1 Ne4 14. Bxe4
dxe4 15. Ne1 Nf6 16. Rc2 Rfd8 17. Qc1 Qd6 18. g3 h5 19. a4 h4 20. b5 a5 21. Ng2
hxg3 22. fxg3 Nh7 23. Ne2 Ng5 24. h4 Nf3+ 25. Kf2 Rac8 26. Qh1 Qf6 27. Ngf4
Nxd4 28. Nxd4 Rxd4 29. Qc1 Rxa4 30. Rxc7 Ra2+ 31. Kg1 Rxc7 32. Qxc7 Bd5 33. Rf1
Qb2 34. Qc8+ Kh7 35. Qf5+ g6 36. Qh3 Bc4 37. h5 g5 0-1